Statistics for ISO Codes on a World Map

Click here to take the quiz!

General Stats

  • This quiz has been taken 92 times
    (80 since last reset)
  • The average score is 157 of 196

Answers on the Map

Answers color-coded by a green-red scale on the quiz's map according to % correct below.
 

Answer Stats

Country% Correct
Russia
100%
United States
100%
Albania
98%
Canada
98%
Spain
98%
Switzerland
98%
Colombia
96%
India
96%
Mongolia
96%
Morocco
96%
Poland
96%
Antigua and Barbuda
94%
Argentina
94%
Australia
94%
Belgium
94%
Brazil
94%
Chile
94%
China
94%
Cuba
94%
Egypt
94%
France
94%
Germany
94%
Iran
94%
Italy
94%
Mexico
94%
Sierra Leone
94%
Slovakia
94%
Sweden
94%
Uganda
94%
United Kingdom
94%
Afghanistan
92%
Ecuador
92%
Ertirea
92%
Ethiopia
92%
Georgia
92%
Greece
92%
Kazakhstan
92%
Laos
92%
Madagascar
92%
Mauritania
92%
Norway
92%
Panama
92%
Peru
92%
Romania
92%
Saudi Arabia
92%
Senegal
92%
Somalia
92%
Sudan
92%
Armenia
90%
Austria
90%
Bahrain
90%
Bolivia
90%
Cameroon
90%
Costa Rica
90%
Côte d'Ivoire
90%
Denmark
90%
Finland
90%
Gabon
90%
Libya
90%
Malaysia
90%
Mali
90%
Moldova
90%
Mozambique
90%
Namibia
90%
Oman
90%
Tunisia
90%
Venezuela
90%
Yemen
90%
Azerbaijan
88%
Bahamas
88%
Bulgaria
88%
Czech Republic
88%
Guyana
88%
Iraq
88%
Liechtenstein
88%
Slovenia
88%
Suriname
88%
Tajikistan
88%
Tanzania
88%
Bosnia and Herzegovina
86%
Dominican Republic
86%
Ghana
86%
Haiti
86%
Hungary
86%
Indonesia
86%
Japan
86%
New Zealand
86%
Nicaragua
86%
Niger
86%
Pakistan
86%
Papua New Guinea
86%
Paraguay
86%
South Sudan
86%
Thailand
86%
Turkey
86%
Ukraine
86%
Bhutan
84%
Brunei
84%
El Salvador
84%
Ireland
84%
Israel
84%
Lebanon
84%
Montenegro
84%
Nepal
84%
Philippines
84%
Syria
84%
Tonga
84%
Uruguay
84%
Uzbekistan
84%
Burkina Faso
82%
Dem. Rep. of the Congo
82%
Djibouti
82%
Iceland
82%
Jamaica
82%
Luxembourg
82%
Nigeria
82%
Portugal
82%
Qatar
82%
Rwanda
82%
Turkmenistan
82%
Vietnam
82%
Zambia
82%
Belize
80%
Burundi
80%
Cape Verde
80%
Gambia
80%
Kenya
80%
Kiribati
80%
Latvia
80%
San Marino
80%
Togo
80%
Bangladesh
78%
Jordan
78%
Kuwait
78%
Lesotho
78%
Lithuania
78%
South Africa
78%
South Korea
78%
United Arab Emirates
78%
Cyprus
76%
Dominica
76%
Guatemala
76%
Guinea
76%
Honduras
76%
Kyrgyzstan
76%
São Tomé and Principe
76%
Taiwan
76%
Botswana
73%
Malawi
73%
Malta
73%
Monaco
73%
Netherlands
73%
Republic of the Congo
73%
Angola
71%
Fiji
71%
Mauritius
71%
Zimbabwe
71%
Croatia
69%
Seychelles
69%
Estonia
67%
Nauru
67%
Serbia
67%
Trinidad and Tobago
67%
Vatican City
67%
Liberia
65%
Myanmar
65%
Tuvalu
65%
Maldives
63%
Andorra
61%
Solomon Islands
61%
Swaziland
61%
Cambodia
59%
Singapore
59%
Barbados
57%
Chad
57%
Comoros
57%
Micronesia
57%
North Korea
57%
St. Kitts and Nevis
57%
Timor-Leste
57%
Belarus
55%
Vanuatu
55%
Algeria
53%
Marshall Islands
51%
Sri Lanka
51%
St. Lucia
51%
Benin
49%
St. Vincent and the Grenadines
49%
Equatorial Guinea
47%
Macedonia
47%
Guinea-Bissau
45%
Central African Republic
43%
Grenada
41%
Samoa
39%
Palau
35%
Kosovo
33%

Score Distribution

Percentile by Number Answered

Percent of People with Each Score

Your Score History

You have not taken this quiz since the last reset